000 00289nam a22001337a 4500
008 170316b xxu||||| |||| 00| 0 eng d
020 _a9781935030775
041 _aeng
080 _a611
100 _a7
101 _aSHM
245 _aPRINCIPLES HUMAN ANATOMY
_cDEANE.A
942 _2udc
_cBK
999 _c7949
_d7949